| 000 | 00483nam a2200193Ia 4500 | ||
|---|---|---|---|
| 008 | 170918s9999 xx 000 0 und d | ||
| 020 | _a1853260193 | ||
| 050 | _bT363va 1992 | ||
| 100 | _aThackeray, William | ||
| 245 | _aVanity fair / | ||
| 245 | _cby William Thackerey. | ||
| 260 | _aWare, Hertfordshire : | ||
| 260 | _bWordsworth classics, | ||
| 260 | _c1992 | ||
| 300 | _a951 pages : | ||
| 300 | _billustrations ; | ||
| 300 | _c18cm. | ||
| 300 | _eWordsworth classics. | ||
| 999 |
_c343493 _d343493 |
||